Today's glassware of Japan

Spremljeno u:
Bibliografski detalji
Format: Knjiga
Jezik:Undetermined
Izdano: Japan Japan Glass Products Exporters' Association 1990
Teme:
Oznake: Dodaj oznaku
Bez oznaka, Budi prvi tko označuje ovaj zapis!
Thư viện lưu trữ: Trung tâm Học liệu Trường Đại học Cần Thơ
LEADER 00447nam a2200169Ia 4500
001 CTU_96378
008 210402s9999 xx 000 0 und d
082 |a 642.7 
082 |b T633 
245 0 |a Today's glassware of Japan 
260 |a Japan 
260 |b Japan Glass Products Exporters' Association 
260 |c 1990 
650 |a Glassware 
650 |z Japan 
904 |i Tuyến 
980 |a Trung tâm Học liệu Trường Đại học Cần Thơ